| 000 | 00625nam a2200205 a 4500 | ||
|---|---|---|---|
| 005 | 20140310183540.0 | ||
| 008 | 111108s19uu xx 00 eng d | ||
| 020 | _a978-1-4129-5206-4 | ||
| 050 |
_aLBv 1632 _b.M347 2007 |
||
| 100 | _aMcEwan, Elaine K. | ||
| 245 |
_a40 ways to support struggling readers in content classrooms, grades 6-12 / _cElaine K. McEwan. |
||
| 260 |
_aCalifornia : _bCorwin Press, _c2007. |
||
| 300 |
_a169 p. : _c25 cm. |
||
| 521 | _aEDU | ||
| 650 | _aReading (Secondary) | ||
| 650 |
_aReading _xRemedial teaching |
||
| 650 | _aContent area reading | ||
| 942 |
_cBK _2lcc _kFOR |
||
| 999 |
_c24778 _d24778 |
||